Los Almadreñeros de la Selva Negra / (Record no. 154519)

MARC details
000 -LEADER
campo de control de longitud fija 00930nam a2200217 i 4500
001 - NÚMERO DE CONTROL
campo de control 154519
003 - IDENTIFICADOR DE NÚMERO DE CONTROL
campo de control ES-MaACL
005 - FECHA Y HORA DE LA ÚLTIMA TRANSACCIÓN
campo de control 20230906205749.0
008 - DATOS DE LONGITUD FIJA--INFORMACIÓN GENERAL
campo de control de longitud fija 981202s1860 sp |||| | spa d
040 ## - FUENTE DE CATALOGACIÓN
Centro catalogador/agencia de origen CAT
Lengua de catalogación spa
Centro/agencia transcriptor CAT
Centro/agencia modificador CCPB
080 ## - NÚMERO DE LA CLASIFICACIÓN DECIMAL UNIVERSAL
Número de la Clasificación Decimal Universal 840-3"18"
100 0# - ENTRADA PRINCIPAL--NOMBRE DE PERSONA
Nombre de persona Gonzalès, Emmanuel.
9 (RLIN) 58267
245 14 - MENCIÓN DEL TÍTULO
Título Los Almadreñeros de la Selva Negra /
Mención de responsabilidad, etc. novela escrita en francés por Emmanuel Gonzalez ; y traducida expresamente para la Biblioteca de La Correspondencia de España.
260 ## - PUBLICACIÓN, DISTRIBUCIÓN, ETC.
Lugar de publicación, distribución, etc. Madrid :
Nombre del editor, distribuidor, etc. [s.n.],
Fecha de publicación, distribución, etc. 1860 (
Fabricante Impr. de la Correspondencia de España)
300 ## - DESCRIPCIÓN FÍSICA
Extensión 318 p. ;
Dimensiones 17 cm.
490 1# - MENCIÓN DE SERIE
Mención de serie Biblioteca de La Correspondencia de España
830 0# - PUNTO DE ACCESO ADICIONAL DE SERIE-TÍTULO UNIFORME
Título uniforme Biblioteca de La Correspondencia de España
9 (RLIN) 182488
852 ## - LOCALIZACIÓN
Ubicación ES-MaACL
Número de control de estantería T-455-F-1
Nota libre - Enc. hol., falto de la cub. original
-- - Enc. en un vol. facticio
Encuadernación - Registro original: Hilarión de Zuloaga, editor
Holdings
Estatus retirado Estado de pérdida Estado de daño No para préstamo Colección Biblioteca de origen Biblioteca actual Ubicación en estantería Fecha de adquisición Total de préstamos Signatura topográfica completa Código de barras Visto por última vez Precio de reemplazo Tipo de ítem Koha
        Colección de folletos Biblioteca del Ateneo de Madrid Biblioteca del Ateneo de Madrid Depósito folletos 17/01/2008   T-455-F-1 1161600 23/02/2023 23/02/2023 Folleto